00957cam a2200217 450000500170000000800410001702000150005805000220007310000200009524502330011525000120034826000400036030000210040044000410042150400390046265000590050165000520056065000560061270000380066870000330070620150918104745.0040513s1997 mx g b 000 p spa u a968232077100aPQ7256 bB38 19971 aBaudot, Georges10aAmores prohibidos :bla palabra condenada en el México de los virreyes :bantología de coplas y versos censurados por la Inquisición de México / cGeorges Baudot, María Agueda Méndez ; prólogo de Elías Trabulse. a1a. ed. aMéxico :bSiglo Veintiuno, c1997 a282 p. ;c21 cm. 0aLingüística y teoría literaria aIncluye bibliografías e índice 4aPoesía mexicana ySiglo XVIII xHistoria y crítica 4aInquisición española zMéxico y1540-1810 4aLibros prohibidos aPoesía zMéxico y1540-18101 aMéndez, María Agueda, qcoaut1 aTrabulse, Elías, qprolog.